Normale Ansicht MARC-Ansicht ISBD

Kominform i poslevoennaja Evropa : (Titelsatznr. 7071)

[ MARC ]
MARC-Details
000 -Satzkennung
Kontrollfeld mit fester Länge 00430nam a22001691c 4500
001 - Kontrollnummer
Kontrollfeld a02043
008 - Feld mit fester Länge zur physischen Beschreibung - Allgemeine Angaben
Kontrollfeld mit fester Länge 051003s1994 gw |||| 000u rus d
041 ## - Sprachcode
Sprachcode des Textes/der Tonspur oder des separaten Titels rus
040 ## - Katalogisierungsquelle
Übertragungsstelle RU-10907106
003 - Kontrollnummer Identifier
Kontrollfeld RU-10907106
100 1# - Haupteintragung - Personenname
Personenname Adibekov, Grant M.
245 00 - Titel
Titel Kominform i poslevoennaja Evropa :
Zusatz zum Titel 1947-1956 gg.
264 ## - Produktion, Veröffentlichung, Distribution, Herstellung und Urheberrechtsvermerk
Herstellungs-, Veröffentlichungs- Vertriebs-, Erzeugungsort Moskva :
Produzent, Herausgeber, Distributor, Hersteller Rossija molodaja,
Datum der Herstellung, der Veröffentlichung, des Vertriebs oder des Urheberschutzvermerks 1994
300 ## - Physische Beschreibung
Umfang 235 S. Br.
490 #0 - Gesamttitelangabe
Gesamttitelangabe Pervaja monografija
942 ## - Zusätzliche Felder (Koha)
Koha-Medientyp Monographien
Exemplare
Ausgeschieden Verloren Klassifikation oder Aufstellungssystematik Beschädigt Nicht entleihbar Heimatbibliothek Aufenthaltsbibliothek Aufstellungsort Erwerbungsdatum Inventarnummer Signatur Barcode Letzte Aktivität Preis gültig von Koha-Medientyp
    Andere/Generische Klassifikation     MWN Osteuropa MWN Osteuropa Magazin - 2 03/10/2005 05-03303 R 63 c Adi E00401506CBE43DD 23/02/2021 22/03/2021 Monographien